00802nam a22002417a 4500999001500000001000600015003000900021005001700030008004100047020001500088040002800103082001800131100001900149245004900168260008200217300003100299504005100330650001300381650002100394650001700415942001200432952011600444 c1358d135810657BD-DhUAP20200206094806.0200206s20041965ii b 001 0 eng  a8175343745 aDLCcDLCdBD-DhUAPbEng a340.1 STO2231 aStone, Julius.10aHuman law and human justice /cJulius Stone. aNew Delhi :bUniversal law publishing co. pvt. ltd.,cc1965 [Reprinted 2004]. axxiii, 415 pages ;c24 cm. aIncludes bibliographical references and index. aJustice. aLawvPhilosophy. aNatural law. 2ddccBK 00102ddc4070aUAPCLbUAPCLcGeneral Stacksd2020-02-06o340.1 STOp3010010657r2020-02-06t1w2020-02-06yBK